000
00339nam a22001457a 4500
008
210531b ||||| |||| 00| 0 eng d
020
_a
9781558608870
041
_a
eng
080
_2
2nd
_a
72
082
_a
72
100
_a
41
101
_a
ARK
245
_a
Network Analysis, Architecture and Design
_c
James D. Mccabe
942
_2
udc
_c
BK
999
_c
57852
_d
57852